000 00280nam a22001337a 4500
008 171227b xxu||||| |||| 00| 0 eng d
020 _a9780669507058
041 _aeng
080 _a37
100 _a46
101 _aEDU
245 _aWRITE SOURCE
_cKEMPER,D
942 _2udc
_cBK
999 _c39460
_d39460